| 000 | 00788cam a22002411i 4500 | ||
|---|---|---|---|
| 003 | SA_RiAUC | ||
| 005 | 20250311131248.0 | ||
| 008 | 250309s2010____su g 000 0cara c | ||
| 020 | _a9786038052136 | ||
| 040 |
_aSA-JuJU _bara _cSA-RiAUC _erda |
||
| 082 | 0 | 4 | _a928 |
| 090 |
_a928 _bت و ن |
||
| 100 | 1 |
_aتونسي، طاهر سالم _eمؤلف. |
|
| 245 | 1 | 0 |
_aصور أدبية / _cطاهر تونسي. |
| 264 | 1 |
_aالرياض : _bمكتبة الشقري، _c2010 |
|
| 300 | _a30 صفحة | ||
| 336 |
_aنص _btxt _2rdacontent _3كتاب |
||
| 337 |
_aبدون وسيط _bn _2rdamedia |
||
| 338 |
_aمجلد _bnc _2rdacarrier |
||
| 650 | 7 |
_aالأدباء _vتراجم _vمقالات ومحاضرات _2aucsh |
|
| 942 |
_2ddc _cBOOK _n0 |
||
| 949 |
_aSA-JeALM _d250309 _umohamedma123 _n1 |
||
| 999 |
_c6369 _d6369 |
||